Hanste Zakham / (Record no. 45392)

MARC details
000 -LEADER
fixed length control field 01265nji a22003017a 4500
005 - DATE AND TIME OF LATEST TRANSACTION
control field 20100903161258.0
006 - FIXED-LENGTH DATA ELEMENTS--ADDITIONAL MATERIAL CHARACTERISTICS--GENERAL INFORMATION
fixed length control field a|||||r|||||00| 0
007 - PHYSICAL DESCRIPTION FIXED FIELD--GENERAL INFORMATION
fixed length control field sd ammalaaahaa
008 - FIXED-LENGTH DATA ELEMENTS--GENERAL INFORMATION
fixed length control field 100830t xxu||||| |||| 00| 0 eng d
028 ## - PUBLISHER NUMBER
Publisher number BOE 2542
Source ODEON
035 ## - SYSTEM CONTROL NUMBER
System control number GR-02167
040 ## - CATALOGING SOURCE
Original cataloging agency SED
Transcribing agency SED
100 ## - MAIN ENTRY--PERSONAL NAME
9 (RLIN) 17455
Personal name Mangeskar, lata
245 ## - TITLE STATEMENT
Title Hanste Zakham /
Statement of responsibility, etc by Lata Mangeskar; Music by Madan Mohan; Lyric by Kiafi Azmi
Medium [sound recording] :
246 ## - VARYING FORM OF TITLE
Title proper/short title हँसते ज़ख़्म / लता मंगेशकर द्वारा
260 ## - PUBLICATION, DISTRIBUTION, ETC. (IMPRINT)
Place of publication, distribution, etc Dum Dum, India
Name of publisher, distributor, etc ODEON
300 ## - PHYSICAL DESCRIPTION
Extent 1 sound disc [Gramophone Recording]:
Other physical details analog, 45 rpm
Dimensions 7.5 in. (SP)
Type of unit Gramophone Record
500 ## - GENERAL NOTE
General note Brief Record
500 ## - GENERAL NOTE
General note Record lables : ODEON,Black
505 ## - FORMATTED CONTENTS NOTE
Formatted contents note Side 1 आज सोचा तो आंसू भर आये (Aaj socha to ansoo bhar aaye) Side 2 बेताब दिल की तमन्ना यही है (Betab dil ki tamanna yahi hai )
600 ## - SUBJECT ADDED ENTRY--PERSONAL NAME
Personal name Mangeskar, Lata
9 (RLIN) 19637
650 ## - SUBJECT ADDED ENTRY--TOPICAL TERM
Topical term or geographic name as entry element Film Music
Geographic subdivision India
9 (RLIN) 1186
General subdivision Excerpts
700 ## - ADDED ENTRY--PERSONAL NAME
9 (RLIN) 17416
Personal name Madan Mohan
700 ## - ADDED ENTRY--PERSONAL NAME
9 (RLIN) 17456
Personal name Kaifi Azmi
700 ## - ADDED ENTRY--PERSONAL NAME
9 (RLIN) 19696
942 ## - ADDED ENTRY ELEMENTS (KOHA)
Source of classification or shelving scheme Dewey Decimal Classification
Item type Gramaphone Records
Holdings
Withdrawn status Lost status Source of classification or shelving scheme Damaged status Not for loan Collection code Home library Current library Date acquired Source of acquisition Total Checkouts Barcode Date last seen Copy number Price effective from Koha item type
    Dewey Decimal Classification   Not For Loan Non-fiction Central Library Central Library 13/09/2010 SED/VEN   GR-02167 13/09/2010 1 13/09/2010 Gramaphone Records

© Delhi Public Library
Hit Counter
free hit counter